How Jesus helped people. (Record no. 5101)

000 -LEADER
fixed length control field 00633nam a2200205 a 4500
001 - CONTROL NUMBER
control field :::00002842$&:&@@
003 - CONTROL NUMBER IDENTIFIER
control field OkBaRHE
005 - DATE AND TIME OF LATEST TRANSACTION
control field 20000607103257.0
008 - FIXED-LENGTH DATA ELEMENTS--GENERAL INFORMATION
fixed length control field s1964 j 000 0 eng u
040 ## - CATALOGING SOURCE
Transcribing agency
100 1# - MAIN ENTRY--PERSONAL NAME
Personal name Walker, Alan, 1911-
245 10 - TITLE STATEMENT
Title How Jesus helped people.
260 ## - PUBLICATION, DISTRIBUTION, ETC. (IMPRINT)
Place of publication, distribution, etc Nashville, TN., :
Name of publisher, distributor, etc Abingdon Press
Date of publication, distribution, etc c1964
300 ## - PHYSICAL DESCRIPTION
Extent 160 p. ;
Dimensions 18 cm
650 ## - SUBJECT ADDED ENTRY--TOPICAL TERM
Topical term or geographic name as entry element Jesus Christ
General subdivision Friends and Associates
650 ## - SUBJECT ADDED ENTRY--TOPICAL TERM
Topical term or geographic name as entry element Methodist Church
General subdivision Sermons
650 ## - SUBJECT ADDED ENTRY--TOPICAL TERM
Topical term or geographic name as entry element Sermons, English
General subdivision Australia
942 ## - ADDED ENTRY ELEMENTS (KOHA)
Source of classification or shelving scheme
Koha item type Books
Copies
Damaged status Price effective from Barcode Full call number Source of classification or shelving scheme Permanent Location Lost status Shelving location Koha item type Date acquired Date last seen Copy number Withdrawn status Not for loan
 2010-04-142842BS 2431 .W3 RHEMA Bible Training College General StacksBooks2010-04-142018-03-161